000
00279nam a2200109Ia 4500
005
20251222143309.0
008
251222s9999||||xx |||||||||||||| ||spa||
082
_a
260/J73/1991
245
0
_a
La Iglesia ante el desafĂo de lo social
264
_b
Arzobispado de Lima
942
_c
LIB
999
_c
15654
_d
15654